[Event "Junior Online 4NCL Division 4"]
[Site "online"]
[Date "2020.09.17"]
[Round "3.16"]
[White "Correa, Edward"]
[Black "Bagshaw, Freddie"]
[Result "1-0"]
[WhiteElo "1187"]
[BlackElo "1000"]
[PlyCount "51"]
[EventDate "2020.09.17"]
[WhiteTeam "Manchester Juniors D"]
[BlackTeam "Muswell Hill Primary"]

1. e4 e6 2. d4 Nc6 3. Nf3 Nf6 4. Nc3 Bb4 5. Bd3 O-O 6. Bd2 d5 7. e5 Ng4 8. Ng5
g6 9. h3 Nh6 10. Nf3 Nf5 11. Bxf5 exf5 12. O-O Re8 13. a3 Ba5 14. b4 Bb6 15.
Be3 a5 16. b5 Ne7 17. Bg5 Bd7 18. Qd2 a4 19. Bf6 f4 20. Qxf4 Nf5 21. Bxd8 Rexd8
22. Nxd5 Ba5 23. g4 Ng7 24. Ng5 Bxb5 25. Nf6+ Kh8 26. Nxf7# 1-0

[Event "Junior Online 4NCL Division 4"]
[Site "online"]
[Date "2020.09.17"]
[Round "3.18"]
[White "Govindu, Aashrith Reddy"]
[Black "Gibbins, Finlay"]
[Result "0-1"]
[WhiteElo "1075"]
[BlackElo "1000"]
[PlyCount "74"]
[EventDate "2020.09.17"]
[WhiteTeam "Manchester Juniors D"]
[BlackTeam "Muswell Hill Primary"]

1. e4 e5 2. Nf3 Bc5 3. Bc4 d6 4. Nc3 Nh6 5. O-O O-O 6. d3 Nc6 7. Bd2 Bg4 8. Bg5
Qe8 9. Qd2 a6 10. Be3 b5 11. Bxc5 bxc4 12. Ba3 cxd3 13. cxd3 Qe6 14. Nh4 Ne7
15. Qg5 Ng6 16. Nxg6 hxg6 17. Nd5 Be2 18. Rfe1 Qg4 19. Qxg4 Bxg4 20. Rec1 c5
21. Nc7 Rac8 22. Nd5 Be2 23. Nc3 Bxd3 24. Rd1 Bc2 25. Rdc1 Bd3 26. Nd5 Bxe4 27.
Ne7+ Kh8 28. Nxc8 Rxc8 29. Re1 Bf5 30. Rec1 Ng4 31. b4 Nf6 32. bxc5 Nd7 33.
cxd6 Rd8 34. Rd1 Rb8 35. Rab1 Bxb1 36. Rxb1 Rxb1+ 37. Bc1 Rxc1# 0-1

[Event "Junior Online 4NCL Division 4"]
[Site "online"]
[Date "2020.09.17"]
[Round "3.19"]
[White "Elisseev-Siuda, Ivan"]
[Black "Man, Felix"]
[Result "0-1"]
[WhiteElo "1225"]
[BlackElo "940"]
[PlyCount "20"]
[EventDate "2020.09.17"]
[WhiteTeam "Manchester Juniors D"]
[BlackTeam "Muswell Hill Primary"]

1. e4 e5 2. Nf3 Nc6 3. Bc4 Bc5 4. O-O Nf6 5. Nc3 h6 6. Nh4 O-O 7. Nf5 d6 8. Qf3
Bxf5 9. exf5 Nd4 10. Qe3 Nxc2 0-1

[Event "Junior Online 4NCL Division 4"]
[Site "online"]
[Date "2020.09.17"]
[Round "3.20"]
[White "Bagshaw, Freddie"]
[Black "Correa, Edward"]
[Result "1-0"]
[WhiteElo "1000"]
[BlackElo "1187"]
[PlyCount "55"]
[EventDate "2020.09.17"]
[WhiteTeam "Muswell Hill Primary"]
[BlackTeam "Manchester Juniors D"]

1. e3 e5 2. Nf3 Nc6 3. Nc3 Nf6 4. Bc4 d5 5. Bb3 Bg4 6. h3 Be6 7. Ng5 h6 8. Nxe6
fxe6 9. O-O Bd6 10. Nb5 a6 11. Nxd6+ Qxd6 12. Qf3 O-O-O 13. Qg3 Rd7 14. Re1 Rf8
15. d3 Rdf7 16. Bd2 Qd7 17. Ba4 e4 18. d4 b5 19. Bb3 Qe7 20. a4 b4 21. c3 bxc3
22. Bxc3 Nh5 23. Qh2 Rxf2 24. a5 Qf6 25. Ba4 Na7 26. Bb4 Rh8 27. Rec1 Rxb2 28.
Qxc7# 1-0

[Event "Junior Online 4NCL Division 4"]
[Site "online"]
[Date "2020.09.17"]
[Round "3.22"]
[White "Gibbins, Finlay"]
[Black "Govindu, Aashrith Reddy"]
[Result "1-0"]
[WhiteElo "1000"]
[BlackElo "1075"]
[PlyCount "33"]
[EventDate "2020.09.17"]
[WhiteTeam "Muswell Hill Primary"]
[BlackTeam "Manchester Juniors D"]

1. e4 e5 2. Bc4 Nf6 3. Nf3 Bc5 4. Nxe5 O-O 5. O-O Nc6 6. Nd3 Ng4 7. Qxg4 Re8 8.
Nxc5 Ne5 9. Qg3 Nxc4 10. Nd3 d6 11. Nf4 Bd7 12. Nh5 Kf8 13. d3 Ne5 14. Bg5 Qc8
15. Bh4 Re6 16. Qxg7+ Ke8 17. Qg8# 1-0

[Event "Junior Online 4NCL Division 4"]
[Site "online"]
[Date "2020.09.17"]
[Round "3.25"]
[White "Querfurth Waterman, Tal"]
[Black "Ehrlich, Ben"]
[Result "0-1"]
[WhiteElo "850"]
[BlackElo "887"]
[PlyCount "46"]
[EventDate "2020.09.17"]
[WhiteTeam "Eden Primary Bishops"]
[BlackTeam "Barnet Knights G"]

1. e4 e5 2. Bc4 Nf6 3. Nc3 Nxe4 4. Nxe4 d5 5. Bd3 dxe4 6. Bxe4 Bc5 7. Qe2 O-O
8. Qh5 h6 9. Qxe5 Nd7 10. Qf5 g6 11. Qf4 Kh7 12. d4 Re8 13. Qxh6+ Kg8 14. dxc5
Rxe4+ 15. Ne2 Nxc5 16. b3 Qe8 17. Bb2 Rxe2+ 18. Kd1 Re5 19. f4 Bg4+ 20. Kd2
Rd8+ 21. Kc3 Re3+ 22. Kb4 Qe4+ 23. Kxc5 Rd5# 0-1

[Event "Junior Online 4NCL Division 4"]
[Site "online"]
[Date "2020.09.17"]
[Round "3.26"]
[White "Marshall, Wilfred"]
[Black "Marks, Rory"]
[Result "1-0"]
[WhiteElo "887"]
[BlackElo "827"]
[PlyCount "55"]
[EventDate "2020.09.17"]
[WhiteTeam "Barnet Knights G"]
[BlackTeam "Eden Primary Bishops"]

1. e4 e5 2. Nf3 Nc6 3. d4 exd4 4. Nxd4 Nxd4 5. Qxd4 b6 6. Bc4 c5 7. Qd5 Nh6 8.
Bxh6 Qf6 9. Qxa8 Kd8 10. Be3 Qxb2 11. Ba6 Qxa1 12. Qxc8+ Ke7 13. Bxc5+ bxc5 14.
Qxc5+ Ke6 15. Bc4+ Kf6 16. Qf5+ Ke7 17. Qxf7+ Kd6 18. Qd5+ Ke7 19. O-O Qf6 20.
Re1 Kd8 21. e5 Qb6 22. e6 Kc7 23. Qxd7+ Kb8 24. e7 Bxe7 25. Rxe7 Qxb1+ 26. Bf1
Rf8 27. Qc7+ Ka8 28. Qxa7# 1-0

[Event "Junior Online 4NCL Division 4"]
[Site "online"]
[Date "2020.09.17"]
[Round "3.27"]
[White "Block, Leo"]
[Black "Grose, Ariyana"]
[Result "0-1"]
[WhiteElo "887"]
[BlackElo "880"]
[PlyCount "124"]
[EventDate "2020.09.17"]
[WhiteTeam "Eden Primary Bishops"]
[BlackTeam "Barnet Knights G"]

1. e4 e5 2. Nc3 Nc6 3. Bc4 Nf6 4. Nf3 Bc5 5. d3 d6 6. O-O Bg4 7. h3 Bh5 8. g4
Bg6 9. Bg5 h6 10. Bh4 O-O 11. Nb5 a6 12. Nc3 b5 13. Bb3 Nd4 14. Nxd4 Bxd4 15.
Ne2 Bc5 16. Nc3 b4 17. Na4 Bd4 18. c3 Rb8 19. cxd4 exd4 20. Bc4 Ra8 21. Bd5 Qd7
22. Bxa8 Rxa8 23. a3 Rb8 24. Bg3 b3 25. Rc1 Ne8 26. Rc4 c5 27. Rc1 Qxa4 28. Qf3
Nc7 29. Rc4 Qa5 30. Bxd6 Rd8 31. Be7 Rd7 32. Rxc5 Qb6 33. Re5 Ne6 34. a4 Ng5
35. Qf4 Ne6 36. Bc5 Nxf4 37. Bxb6 Nxh3+ 38. Kg2 Nf4+ 39. Kf3 Nxd3 40. Re8+ Kh7
41. Rf8 Nxb2 42. Rb1 Nxa4 43. Rxb3 d3 44. Ra3 d2 45. Rxa4 d1=Q+ 46. Ke3 Qd3+
47. Kf4 Qd6+ 48. Ke3 Qxb6+ 49. Kf4 Qf6+ 50. Ke3 Qd6 51. Ra8 Qd3+ 52. Kf4 Qxe4+
53. Kg3 Qxa4 54. Re8 Rd3+ 55. Kh4 Qxe8 56. f4 Qe7+ 57. g5 hxg5+ 58. fxg5 Qe1+
59. Kg4 Rd4+ 60. Kf3 Qc3+ 61. Ke2 Rd2+ 62. Ke1 Qc1# 0-1

[Event "Junior Online 4NCL Division 4"]
[Site "online"]
[Date "2020.09.17"]
[Round "3.28"]
[White "Lawrence, Harrison"]
[Black "Feldman, Joshua"]
[Result "1-0"]
[WhiteElo "700"]
[BlackElo "850"]
[PlyCount "51"]
[EventDate "2020.09.17"]
[WhiteTeam "Barnet Knights G"]
[BlackTeam "Eden Primary Bishops"]

1. e4 e5 2. Nf3 Nf6 3. Nc3 Nc6 4. Bc4 Bc5 5. d3 d6 6. Bg5 Bg4 7. O-O O-O 8. Re1
Re8 9. h3 h6 10. hxg4 hxg5 11. Nxg5 Nxg4 12. Qxg4 Bxf2+ 13. Kxf2 Nd4 14. Rad1
d5 15. Bxd5 a5 16. Bxf7+ Kf8 17. Bxe8 Qxe8 18. Nh7+ Kg8 19. Nf6+ Kf8 20. Nxe8
Rxe8 21. Rf1 Nxc2 22. Ke2+ Ke7 23. Qxg7+ Kd8 24. Qf6+ Kd7 25. Qf5+ Kd8 26. Rh1
1-0

[Event "Junior Online 4NCL Division 4"]
[Site "online"]
[Date "2020.09.17"]
[Round "3.29"]
[White "Ehrlich, Ben"]
[Black "Querfurth Waterman, Tal"]
[Result "1-0"]
[WhiteElo "887"]
[BlackElo "850"]
[PlyCount "61"]
[EventDate "2020.09.17"]
[WhiteTeam "Barnet Knights G"]
[BlackTeam "Eden Primary Bishops"]

1. e4 e5 2. Nf3 Nc6 3. Bc4 Nf6 4. Ng5 d5 5. exd5 Nxd5 6. Nxf7 Kxf7 7. Qf3+ Ke8
8. Bxd5 Qd7 9. Bxc6 bxc6 10. Qh5+ g6 11. Qxe5+ Be7 12. Qxh8+ Bf8 13. Qe5+ Qe7
14. Qxe7+ Bxe7 15. O-O Bd7 16. Nc3 Rd8 17. d3 a5 18. Bf4 h5 19. Bxc7 Rc8 20.
Bxa5 Ra8 21. Bb4 Bxb4 22. Rfe1+ Kd8 23. a3 Bxc3 24. bxc3 g5 25. g3 g4 26. Re5
c5 27. Rxc5 Rb8 28. Rxh5 Bc6 29. Rh8+ Kc7 30. Rxb8 Kxb8 31. a4 1-0

[Event "Junior Online 4NCL Division 4"]
[Site "online"]
[Date "2020.09.17"]
[Round "3.30"]
[White "Marks, Rory"]
[Black "Marshall, Wilfred"]
[Result "0-1"]
[WhiteElo "827"]
[BlackElo "887"]
[PlyCount "62"]
[EventDate "2020.09.17"]
[WhiteTeam "Eden Primary Bishops"]
[BlackTeam "Barnet Knights G"]

1. e4 e5 2. Nf3 Nc6 3. d4 exd4 4. c3 dxc3 5. Bc4 d6 6. Bxf7+ Kxf7 7. Qd5+ Ke8
8. Nxc3 Qe7 9. Bg5 Nf6 10. Bxf6 gxf6 11. O-O Be6 12. Qh5+ Bf7 13. Qh4 Qd7 14.
Qxf6 Rg8 15. Rfe1 Qg4 16. g3 Be7 17. Qf4 Qxf4 18. Nd5 Qxf3 19. Nxc7+ Kd8 20.
Nxa8 Ne5 21. Re3 Qf4 22. Rf1 Nf3+ 23. Kg2 Nh4+ 24. Kg1 Qg4 25. f3 Qh3 26. Re2
Bh5 27. Ref2 Bxf3 28. b3 Bxe4 29. a4 Nf5 30. b4 Rxg3+ 31. hxg3 Qh1# 0-1

[Event "Junior Online 4NCL Division 4"]
[Site "online"]
[Date "2020.09.17"]
[Round "3.31"]
[White "Grose, Ariyana"]
[Black "Block, Leo"]
[Result "0-1"]
[WhiteElo "880"]
[BlackElo "887"]
[PlyCount "111"]
[EventDate "2020.09.17"]
[WhiteTeam "Barnet Knights G"]
[BlackTeam "Eden Primary Bishops"]

1. e4 e5 2. Nf3 Nc6 3. Nc3 Nf6 4. Bc4 Bc5 5. d3 d6 6. Bg5 h6 7. Bh4 g5 8. Bg3
O-O 9. O-O Bb4 10. a3 Bc5 11. b4 Bb6 12. b5 Na5 13. Bd5 Bg4 14. h3 Bh5 15. Qd2
Nxd5 16. Nxd5 Bc5 17. Nc3 Bxf3 18. gxf3 Qe7 19. Na4 Bxa3 20. Qxa5 Bb2 21. Rab1
Bd4 22. c3 Bb6 23. Nxb6 axb6 24. Qb4 c5 25. Qc4 Rae8 26. Ra1 Qe6 27. Qa4 Ra8
28. Qd1 Qxh3 29. Re1 h5 30. Rxa8 Rxa8 31. Qd2 h4 32. Qxg5+ Kh7 33. Bh2 Rg8 34.
Qxg8+ Kxg8 35. Ra1 Qc8 36. f4 exf4 37. Bxf4 Qb8 38. Kh2 Qe8 39. Kh3 Kg7 40.
Rg1+ Kf6 41. Bxd6 Qe6+ 42. Kxh4 Qxd6 43. Rg4 Qe6 44. Rg8 Qe7 45. Kg4 Qe6+ 46.
Kh5 Qe5+ 47. Kg4 Qh2 48. Kf3 Qh7 49. Rg3 Qh4 50. d4 cxd4 51. cxd4 Ke6 52. d5+
Kd6 53. Rg4 Qf6+ 54. Rf4 Qe5 55. Rxf7 Qh5+ 56. Ke3 0-1

[Event "Junior Online 4NCL Division 4"]
[Site "online"]
[Date "2020.09.17"]
[Round "3.32"]
[White "Feldman, Joshua"]
[Black "Lawrence, Harrison"]
[Result "0-1"]
[WhiteElo "850"]
[BlackElo "700"]
[PlyCount "54"]
[EventDate "2020.09.17"]
[WhiteTeam "Eden Primary Bishops"]
[BlackTeam "Barnet Knights G"]

1. e4 e5 2. Bc4 Nc6 3. Nc3 Nf6 4. Nf3 Bc5 5. O-O d6 6. Ng5 Bg4 7. Qe1 Nd4 8.
Nxf7 Qb8 9. b4 Nxc2 10. Nxh8 Nxe1 11. Nf7 Bxf2+ 12. Kxf2 Nd3+ 13. Kg1 Nxc1 14.
Raxc1 d5 15. exd5 Kxf7 16. d6+ Ke8 17. d7+ Kxd7 18. Nb5 Qf8 19. Bb3 Qxb4 20.
Nxc7 Rc8 21. Be6+ Kd8 22. Bxc8 Qd4+ 23. Kh1 Be2 24. Rfe1 Qf2 25. Bxb7 Nh5 26.
Ba6 Nf4 27. Bxe2 Qxg2# 0-1

[Event "Junior Online 4NCL Division 4"]
[Site "online"]
[Date "2020.10.01"]
[Round "4.11"]
[White "McBrinn, Conall"]
[Black "Kumar, Soham"]
[Result "0-1"]
[WhiteElo "1690"]
[BlackElo "1802"]
[PlyCount "66"]
[EventDate "2020.10.01"]
[WhiteTeam "JHJ 1"]
[BlackTeam "Maidenhead Juniors 1"]

1. d4 Nf6 2. c4 c5 3. Nf3 cxd4 4. Nxd4 g6 5. e3 Bg7 6. Nc3 O-O 7. Be2 Nc6 8.
Bf3 Ne5 9. Be2 d6 10. Bd2 Bd7 11. O-O Rc8 12. b3 Nc6 13. Rc1 Nxd4 14. exd4 Bf5
15. Bf3 Qb6 16. Be3 Qc7 17. Nb5 Qb8 18. Nc3 Rfd8 19. d5 Nd7 20. Bd4 Ne5 21. Be2
Bh6 22. Rb1 Bxb1 23. Qxb1 a6 24. Qe4 Qc7 25. Na4 f5 26. Qh4 Bg7 27. Bb6 Qd7 28.
Bxd8 Rxd8 29. Re1 Rf8 30. Bd1 f4 31. Bc2 f3 32. g3 Bf6 33. Qe4 Qh3 0-1

[Event "Junior Online 4NCL Division 4"]
[Site "online"]
[Date "2020.10.01"]
[Round "4.12"]
[White "Nallaperumal, Kasi Veshagan"]
[Black "Yu, William"]
[Result "1-0"]
[WhiteElo "1397"]
[BlackElo "1592"]
[PlyCount "109"]
[EventDate "2020.10.01"]
[WhiteTeam "Maidenhead Juniors 1"]
[BlackTeam "JHJ 1"]

1. d4 e6 2. Bf4 Nf6 3. e3 d5 4. Nf3 Bd6 5. Ne5 Qe7 6. c3 c5 7. Bb5+ Nbd7 8. Qa4
c4 9. Nxd7 Nxd7 10. Bxd6 Qxd6 11. Bxd7+ Bxd7 12. Qd1 b5 13. O-O O-O 14. Nd2 b4
15. Rc1 bxc3 16. Rxc3 Qb4 17. Qc2 Rab8 18. Rb1 Qa5 19. Ra3 Qc7 20. h3 Rb6 21.
Nf3 h6 22. Ne5 Rfb8 23. b3 a6 24. Ra5 Rd6 25. Rc5 Qb6 26. Nf3 Ba4 27. Nd2 Bd7
28. bxc4 Qa7 29. Rxb8+ Qxb8 30. cxd5 Rxd5 31. Rxd5 exd5 32. Nf3 Bb5 33. Qf5 Bc4
34. Ne5 Qb7 35. a4 Bb3 36. a5 Kf8 37. Ng6+ Kg8 38. Ne5 f6 39. Qe6+ Kh7 40. Nd3
Bc2 41. Nc5 Qb1+ 42. Kh2 Qb8+ 43. g3 Qg8 44. Qxa6 Qb8 45. Qb6 Qa8 46. a6 Bd1
47. a7 Be2 48. Qb7 Qe8 49. a8=Q Qh5 50. Qbc8 Qf3 51. Qh8+ Kg6 52. Qae8+ Kf5 53.
Qe6+ Kg6 54. Qhe8+ Kh7 55. Q6g8# 1-0

[Event "Junior Online 4NCL Division 4"]
[Site "online"]
[Date "2020.10.01"]
[Round "4.13"]
[White "O'neill, Kai"]
[Black "Anchan, Anirudh"]
[Result "1-0"]
[WhiteElo "1577"]
[BlackElo "1082"]
[PlyCount "61"]
[EventDate "2020.10.01"]
[WhiteTeam "JHJ 1"]
[BlackTeam "Maidenhead Juniors 1"]

1. d4 e6 2. Bf4 Nf6 3. e3 Be7 4. c4 O-O 5. Nc3 d5 6. Nf3 dxc4 7. Bxc4 Nc6 8.
Qc2 Nb4 9. Qb3 a6 10. a3 Nc6 11. Qc2 b5 12. Bd3 g6 13. h4 Bd6 14. Bg5 Bb7 15.
h5 Ne7 16. Bxf6 Bxf3 17. gxf3 Qe8 18. Rg1 c5 19. Ne4 c4 20. Nxd6 cxd3 21. Qxd3
Qd8 22. Bxe7 Qxe7 23. Ne4 f5 24. Nc5 Rfc8 25. hxg6 hxg6 26. Rxg6+ Kh7 27. Rxe6
Qh4 28. Qxf5+ Kg7 29. Rg6+ Kh7 30. Qf7+ Kh8 31. Qg7# 1-0

[Event "Junior Online 4NCL Division 4"]
[Site "online"]
[Date "2020.10.01"]
[Round "4.14"]
[White "Anchan, Arjun"]
[Black "Aserkoff, Daniel"]
[Result "0-1"]
[WhiteElo "977"]
[BlackElo "1547"]
[PlyCount "58"]
[EventDate "2020.10.01"]
[WhiteTeam "Maidenhead Juniors 1"]
[BlackTeam "JHJ 1"]

1. e4 e5 2. Nf3 Nc6 3. Bc4 Bc5 4. O-O Nf6 5. Nc3 d6 6. Ng5 O-O 7. Nxf7 Rxf7 8.
Bxf7+ Kxf7 9. d3 Bg4 10. Qd2 Kg8 11. b3 Qe8 12. Bb2 Qg6 13. Ne2 Bd4 14. Bxd4
Nxd4 15. Nc1 Bh3 16. f4 exf4 17. Rxf4 Nh5 18. Rh4 Nf3+ 19. Kh1 Nxd2 20. Rxh3
Rf8 21. Ne2 Rf1+ 22. Rxf1 Nxf1 23. Kg1 Nd2 24. Kh1 Qg4 25. Rf3 Nxf3 26. gxf3
Qxf3+ 27. Kg1 Qxe2 28. Kh1 Nf4 29. Kg1 Qg2# 0-1

[Event "Junior Online 4NCL Division 4"]
[Site "online"]
[Date "2020.10.01"]
[Round "4.15"]
[White "Kumar, Soham"]
[Black "McBrinn, Conall"]
[Result "0-1"]
[WhiteElo "1802"]
[BlackElo "1690"]
[PlyCount "92"]
[EventDate "2020.10.01"]
[WhiteTeam "Maidenhead Juniors 1"]
[BlackTeam "JHJ 1"]

1. e4 e6 2. d4 d5 3. Nc3 Nf6 4. e5 Nfd7 5. f4 c5 6. Be3 Nc6 7. Nf3 Be7 8. Be2
Qb6 9. O-O O-O 10. Rb1 cxd4 11. Nxd4 Qc7 12. Nxc6 bxc6 13. Kh1 c5 14. Bf2 Bb7
15. Bg3 a6 16. Bd3 Rfc8 17. Re1 Bf8 18. f5 Qc6 19. fxe6 fxe6 20. Qh5 g6 21. Qg4
Bg7 22. Bf1 Rf8 23. Ne2 Rae8 24. Ng1 Nb6 25. b3 Nd7 26. Nf3 Nb6 27. Bd3 Nc8 28.
c4 Ne7 29. Rbd1 Nf5 30. cxd5 exd5 31. Bxf5 Rxf5 32. Nh4 Rff8 33. e6 Bc8 34. Nf3
Bxe6 35. Qh4 Bf5 36. Ne5 Qb7 37. Qa4 d4 38. Qc4+ Kh8 39. Qxc5 Bh3 40. Rd2 Rd8
41. Qc4 Bh6 42. Rde2 Bg7 43. Nc6 Rc8 44. Re6 Bxe6 45. Rxe6 Rxc6 46. Qxc6 Rf1#
0-1

[Event "Junior Online 4NCL Division 4"]
[Site "online"]
[Date "2020.10.01"]
[Round "4.16"]
[White "Yu, William"]
[Black "Nallaperumal, Kasi Veshagan"]
[Result "1-0"]
[WhiteElo "1592"]
[BlackElo "1397"]
[PlyCount "61"]
[EventDate "2020.10.01"]
[WhiteTeam "JHJ 1"]
[BlackTeam "Maidenhead Juniors 1"]

1. d4 Nf6 2. Bg5 d5 3. f4 Bf5 4. e3 c6 5. Bd3 Ne4 6. Bh4 Nd7 7. Nd2 Nb6 8. Ngf3
Na4 9. Rb1 Qb6 10. O-O Nxb2 11. Qc1 Nxd3 12. cxd3 Nxd2 13. Rxb6 Nxf3+ 14. Rxf3
axb6 15. Qb1 b5 16. h3 e6 17. e4 dxe4 18. dxe4 Bg6 19. g4 h6 20. f5 exf5 21.
exf5 Bh7 22. Qe4+ Kd7 23. Re3 Bd6 24. d5 Bc5 25. dxc6+ bxc6 26. Qd3+ Kc7 27.
Bg3+ Kb7 28. Qd7+ Ka6 29. Qxc6+ Bb6 30. Bf2 Rac8 31. Ra3# 1-0

[Event "Junior Online 4NCL Division 4"]
[Site "online"]
[Date "2020.10.01"]
[Round "4.17"]
[White "Anchan, Anirudh"]
[Black "O'neill, Kai"]
[Result "0-1"]
[WhiteElo "1082"]
[BlackElo "1577"]
[PlyCount "68"]
[EventDate "2020.10.01"]
[WhiteTeam "Maidenhead Juniors 1"]
[BlackTeam "JHJ 1"]

1. e4 Nf6 2. Nc3 e5 3. Nf3 Nc6 4. Bc4 Nxe4 5. Nxe4 d5 6. Bxd5 Qxd5 7. Nc3 Qd8
8. O-O Bc5 9. Re1 f6 10. a3 Bg4 11. h3 Be6 12. b4 Bb6 13. b5 Nd4 14. Nxd4 Qxd4
15. Rf1 Bc4 16. d3 Qxc3 17. dxc4 Qxa1 18. Qd2 Qd4 19. Qxd4 Bxd4 20. Rd1 O-O-O
21. Re1 Bc3 22. Re2 Rd1+ 23. Kh2 Rxc1 24. a4 Rd8 25. b6 axb6 26. Re3 Ba5 27.
Rg3 Rdd1 28. Rxg7 Bd2 29. Rg8+ Kd7 30. Rg7+ Ke6 31. Rxh7 Re1 32. Rxc7 Re2 33.
Rxb7 Bf4+ 34. g3 Rxf2# 0-1

[Event "Junior Online 4NCL Division 4"]
[Site "online"]
[Date "2020.10.01"]
[Round "4.18"]
[White "Aserkoff, Daniel"]
[Black "Anchan, Arjun"]
[Result "1-0"]
[WhiteElo "1547"]
[BlackElo "977"]
[PlyCount "121"]
[EventDate "2020.10.01"]
[WhiteTeam "JHJ 1"]
[BlackTeam "Maidenhead Juniors 1"]

1. e4 b6 2. d4 Bb7 3. Bd3 e6 4. c3 d6 5. Nf3 Nf6 6. Bg5 Be7 7. Qc2 O-O 8. Nbd2
h6 9. Bh4 d5 10. e5 Nfd7 11. Bxe7 Qxe7 12. O-O f6 13. Rfe1 fxe5 14. Nxe5 Nxe5
15. Rxe5 Nc6 16. Re2 Rf7 17. Rae1 Raf8 18. f3 Nd8 19. Nf1 a5 20. Ng3 Nc6 21.
Bg6 Rf6 22. Nh5 Ba6 23. Re3 Rxg6 24. Qxg6 Qf7 25. Qxf7+ Rxf7 26. Rxe6 Nd8 27.
Re8+ Rf8 28. Rxf8+ Kxf8 29. Re5 c6 30. Nf4 Nf7 31. Rf5 Bc8 32. Rh5 g6 33. Nxg6+
Kg7 34. Nf4 Bd7 35. g4 Be8 36. Rh3 Ng5 37. Rg3 Kf6 38. h4 Nh7 39. Rg2 b5 40.
Re2 Bd7 41. Nd3 a4 42. Nc5 Bc8 43. Kf2 Nf8 44. Kg3 Ne6 45. Nxe6 Bxe6 46. f4 Bc8
47. Re5 Kf7 48. g5 hxg5 49. fxg5 Kg6 50. Kf4 Kh5 51. Re8 Bd7 52. Rd8 Bh3 53.
Ke5 Kxh4 54. g6 Kh5 55. g7 Kh6 56. g8=Q Kh5 57. Qh8+ Kg4 58. Rg8+ Kf3 59. Qxh3+
Ke2 60. Rg2+ Kf1 61. Qh1# 1-0

[Event "Junior Online 4NCL Division 4"]
[Site "online"]
[Date "2020.10.01"]
[Round "4.21"]
[White "Catabay, Mae Katelyn Rose"]
[Black "Stoica, Savas Marin"]
[Result "0-1"]
[WhiteElo "1600"]
[BlackElo "1922"]
[PlyCount "94"]
[EventDate "2020.10.01"]
[WhiteTeam "Colchester Juniors A"]
[BlackTeam "Barnet Knights A"]

1. d4 Nf6 2. c4 g6 3. Nc3 d5 4. e3 Bg7 5. Bd3 O-O 6. Nf3 b6 7. O-O Bb7 8. Bd2
Nbd7 9. cxd5 Nxd5 10. e4 Nxc3 11. bxc3 Nc5 12. Qe2 Nxd3 13. Qxd3 c5 14. d5 e6
15. d6 c4 16. Qxc4 Qxd6 17. Be3 Rfc8 18. Qe2 Rxc3 19. Rad1 Qc6 20. e5 Rc2 21.
Rd2 Rxd2 22. Qxd2 Rc8 23. Rc1 Qxc1+ 24. Qxc1 Rxc1+ 25. Bxc1 Bxf3 26. gxf3 Bxe5
27. Be3 Kf8 28. f4 Bd6 29. Kf1 Ke7 30. Ke2 Kf6 31. Kd3 Kf5 32. Kc4 Bxf4 33. Kb5
Bxe3 34. fxe3 Ke4 35. Ka6 Kxe3 36. Kxa7 f5 37. Kxb6 f4 38. a4 f3 39. a5 f2 40.
a6 f1=Q 41. a7 Qa1 42. Kb7 Qxa7+ 43. Kxa7 Kf3 44. Kb6 e5 45. Kc5 e4 46. Kc4 e3
47. Kd3 Kf2 0-1

[Event "Junior Online 4NCL Division 4"]
[Site "online"]
[Date "2020.10.01"]
[Round "4.22"]
[White "Eedle, Eric F"]
[Black "Popovici, Rees"]
[Result "1-0"]
[WhiteElo "1660"]
[BlackElo "1595"]
[PlyCount "26"]
[EventDate "2020.10.01"]
[WhiteTeam "Barnet Knights A"]
[BlackTeam "Colchester Juniors A"]

1. d4 d5 2. c4 dxc4 3. e4 b5 4. a4 c6 5. axb5 cxb5 6. Nc3 b4 7. Qa4+ Qd7 8.
Qxb4 Qxd4 9. Be3 Qd7 10. Rd1 Qb7 11. Qxc4 Bd7 12. Nf3 Qxb2 13. Nd5 Nc6 1-0

[Event "Junior Online 4NCL Division 4"]
[Site "online"]
[Date "2020.10.01"]
[Round "4.23"]
[White "Kanellopoulos, Nickolas"]
[Black "Angelopoulos, Andreas"]
[Result "0-1"]
[WhiteElo "1532"]
[BlackElo "1637"]
[PlyCount "84"]
[EventDate "2020.10.01"]
[WhiteTeam "Colchester Juniors A"]
[BlackTeam "Barnet Knights A"]

1. e4 c5 2. Nc3 Nc6 3. g3 Nf6 4. Bg2 e6 5. Nge2 d5 6. exd5 Nxd5 7. Nxd5 exd5 8.
d4 cxd4 9. Nxd4 Bc5 10. Nxc6 bxc6 11. O-O O-O 12. Bf4 Bf5 13. c4 Be4 14. Bxe4
dxe4 15. Qxd8 Raxd8 16. Rad1 h6 17. Be3 Bxe3 18. fxe3 g6 19. c5 Kg7 20. Kf2 f5
21. Ke2 Kf6 22. g4 Ke5 23. gxf5 gxf5 24. a3 Rd5 25. Rxd5+ Kxd5 26. b4 Kc4 27.
Rd1 Kb3 28. Rd6 Kxa3 29. Rxh6 Kxb4 30. Rxc6 a5 31. Ra6 Kb5 32. Ra7 Rh8 33. h3
Rxh3 34. Rf7 Rh5 35. Rc7 Rh2+ 36. Kf1 Rc2 37. Rb7+ Ka6 38. Rc7 Kb5 39. Rf7 Rxc5
40. Rb7+ Kc4 41. Ke2 a4 42. Ra7 Kb4 0-1

[Event "Junior Online 4NCL Division 4"]
[Site "online"]
[Date "2020.10.01"]
[Round "4.24"]
[White "Ford, Conor"]
[Black "Balaggan, Karam S"]
[Result "0-1"]
[WhiteElo "1427"]
[BlackElo "1420"]
[PlyCount "60"]
[EventDate "2020.10.01"]
[WhiteTeam "Barnet Knights A"]
[BlackTeam "Colchester Juniors A"]

1. d4 d5 2. e3 Nf6 3. Bd3 e6 4. Nd2 Be7 5. f4 O-O 6. Ngf3 Nbd7 7. O-O c5 8. c3
c4 9. Bc2 Ng4 10. Qe2 Ngf6 11. Ne5 Nxe5 12. fxe5 Nd7 13. Rf3 Bg5 14. Rh3 Bh6
15. Qg4 f5 16. exf6 Qxf6 17. Nf3 e5 18. dxe5 Nxe5 19. Qg3 Bxh3 20. Qxe5 Qxe5
21. Nxe5 Rae8 22. Nf3 Bxe3+ 23. Bxe3 Rxe3 24. Ng5 Re2 25. Bxh7+ Kh8 26. gxh3
Rff2 27. h4 Rg2+ 28. Kh1 Rxh2+ 29. Kg1 Rxb2 30. Rf1 Rbg2# 0-1

[Event "Junior Online 4NCL Division 4"]
[Site "online"]
[Date "2020.10.01"]
[Round "4.25"]
[White "Stoica, Savas Marin"]
[Black "Catabay, Mae Katelyn Rose"]
[Result "1-0"]
[WhiteElo "1922"]
[BlackElo "1600"]
[PlyCount "63"]
[EventDate "2020.10.01"]
[WhiteTeam "Barnet Knights A"]
[BlackTeam "Colchester Juniors A"]

1. d4 Nf6 2. c4 g6 3. Nc3 Bg7 4. e4 d6 5. f3 Nbd7 6. Be3 O-O 7. g4 e5 8. Qd2 h5
9. g5 Nh7 10. h4 f6 11. Nh3 fxg5 12. Nxg5 Nxg5 13. Bxg5 Qe8 14. Nd5 Qf7 15.
O-O-O exd4 16. Nxc7 Rb8 17. Nd5 Qxf3 18. Be2 Qxe4 19. Ne7+ Kh7 20. Bd3 Qg4 21.
Nxg6 Rf5 22. Rhg1 Qh3 23. Ne7 Ne5 24. Qe2 Nxd3+ 25. Rxd3 Rxg5 26. Rxg5 Qh1+ 27.
Rd1 Qxh4 28. Qd3+ Kh8 29. Qg6 Qf4+ 30. Kb1 Qf6 31. Rxh5+ Bh6 32. Qg8# 1-0

[Event "Junior Online 4NCL Division 4"]
[Site "online"]
[Date "2020.10.01"]
[Round "4.26"]
[White "Popovici, Rees"]
[Black "Eedle, Eric F"]
[Result "1-0"]
[WhiteElo "1595"]
[BlackElo "1660"]
[PlyCount "47"]
[EventDate "2020.10.01"]
[WhiteTeam "Colchester Juniors A"]
[BlackTeam "Barnet Knights A"]

1. e4 c5 2. Nf3 Nc6 3. d4 cxd4 4. Nxd4 Nf6 5. Nc3 e5 6. Nxc6 bxc6 7. Bg5 Bb4 8.
Qf3 d5 9. exd5 cxd5 10. O-O-O Bxc3 11. Qxc3 d4 12. Bb5+ Bd7 13. Qc5 Qe7 14.
Bxd7+ Kxd7 15. Qb5+ Kc7 16. Rhe1 Rhe8 17. Rxd4 exd4 18. Bf4+ Kd8 19. Qa5+ Kc8
20. Re5 Qd6 21. Rc5+ Kd7 22. Bxd6 Kxd6 23. Qc7+ Ke6 24. Re5# 1-0